| 000 | 00420cas a22001457a 4500 | ||
|---|---|---|---|
| 022 | _a2329-1818 | ||
| 082 | 1 | 0 |
_a540 _bBAX _cL-7,P-40. |
| 100 |
_aBaxter, John F, Luke E. Steiner. _940106 |
||
| 245 | 0 | 0 |
_aModern chemistry. _cJohn F. Baxter |
| 260 |
_aUSA _bPrentice Hall, INC, Englewood Chiffs, N.J. _c1959 |
||
| 300 | _aix, 278 p: | ||
| 526 |
_a0 _b0 _c0 _d540_000000000000000_BAX |
||
| 650 |
_aMCE _9379 |
||
| 942 |
_2ddc _cBK |
||
| 999 |
_c544471 _d544471 |
||